|
|
|
|
| LEADER |
03127nam a22005415i 4500 |
| 001 |
978-88-470-2604-9 |
| 003 |
DE-He213 |
| 005 |
20151204153634.0 |
| 007 |
cr nn 008mamaa |
| 008 |
120504s2012 it | s |||| 0|ita d |
| 020 |
|
|
|a 9788847026049
|9 978-88-470-2604-9
|
| 024 |
7 |
|
|a 10.1007/978-88-470-2604-9
|2 doi
|
| 040 |
|
|
|d GrThAP
|
| 050 |
|
4 |
|a R895-920
|
| 072 |
|
7 |
|a MMPH
|2 bicssc
|
| 072 |
|
7 |
|a MED019000
|2 bisacsh
|
| 082 |
0 |
4 |
|a 616.0757
|2 23
|
| 245 |
1 |
0 |
|a Imaging Cardiovascolare TC e RM
|h [electronic resource] :
|b Dalla tecnica all’interpretazione clinica /
|c edited by Carlo Catalano, Michele Anzidei, Alessandro Napoli.
|
| 264 |
|
1 |
|a Milano :
|b Springer Milan,
|c 2012.
|
| 300 |
|
|
|a XXI, 424 pagg.
|b online resource.
|
| 336 |
|
|
|a text
|b txt
|2 rdacontent
|
| 337 |
|
|
|a computer
|b c
|2 rdamedia
|
| 338 |
|
|
|a online resource
|b cr
|2 rdacarrier
|
| 347 |
|
|
|a text file
|b PDF
|2 rda
|
| 505 |
0 |
|
|a 1 Angio-TC -- 2 Angio-RM -- 3 Post-processing -- 4 La placca aterosclerotica -- 5 Il circolo intracranico -- 6 Arterie carotidi -- 7 Aorta toracica -- 8 Circolo polmonare -- 9 Circolo coronarico -- 10 Aorta addominale -- 11 Arterie renali e vasi splancnici -- 12 Arti superiori -- 13 Arti inferiori -- 14 Whole Body -- 15 Malformazioni artero-venose -- 16 Vasculiti -- 17 Sistema venoso. .
|
| 520 |
|
|
|a La disponibilità e la diffusione di tecnologie performanti ha determinato l’affermarsi degli studi angio-TC ed angio-RM come tecniche semplici ed affidabili per la caratterizzazione ed il planning terapeutico delle principali patologie del sistema cardiocircolatorio, la cui conoscenza è divenuta ormai obbligatoria per tutti i radiologi. Lo scopo di questo testo è di fornire indicazioni tecniche in forma sintetica, ma quanto più possibile completa, relativamente ai principi tecnici ed alla metodologia d’esame per studi angio-TC ed angio-RM di alta qualità negli scenari clinici più vari, presentando allo stesso tempo un’ampia casistica di supporto, ricca di spunti interpretativi e di suggerimenti pratici per la valutazione e la refertazione degli esami. Lo scopo del testo sarà anche di dimostrare i vantaggi ed i limiti delle due metodiche a confronto nelle diverse patologie e nei diversi distretti vascolari, in modo da fornire indicazioni al radiologo esperto ed a quello in formazione.
|
| 650 |
|
0 |
|a Medicine.
|
| 650 |
|
0 |
|a Radiology.
|
| 650 |
|
0 |
|a Angiology.
|
| 650 |
|
0 |
|a Cardiology.
|
| 650 |
|
0 |
|a Vascular surgery.
|
| 650 |
|
0 |
|a Medical education.
|
| 650 |
1 |
4 |
|a Medicine & Public Health.
|
| 650 |
2 |
4 |
|a Diagnostic Radiology.
|
| 650 |
2 |
4 |
|a Medical Education.
|
| 650 |
2 |
4 |
|a Vascular Surgery.
|
| 650 |
2 |
4 |
|a Imaging / Radiology.
|
| 650 |
2 |
4 |
|a Angiology.
|
| 650 |
2 |
4 |
|a Cardiology.
|
| 700 |
1 |
|
|a Catalano, Carlo.
|e editor.
|
| 700 |
1 |
|
|a Anzidei, Michele.
|e editor.
|
| 700 |
1 |
|
|a Napoli, Alessandro.
|e editor.
|
| 710 |
2 |
|
|a SpringerLink (Online service)
|
| 773 |
0 |
|
|t Springer eBooks
|
| 776 |
0 |
8 |
|i Printed edition:
|z 9788847026032
|
| 856 |
4 |
0 |
|u http://dx.doi.org/10.1007/978-88-470-2604-9
|z Full Text via HEAL-Link
|
| 912 |
|
|
|a ZDB-2-SME
|
| 950 |
|
|
|a Medicine (Springer-11650)
|